Unión Europea 2007-2017: una década de transición después de la crisis /
En el complejo escenario que la Unión Europea (UE) enfrentó durante el período de 2007 a 2017, marcado por una serie de desafíos económicos, políticos y sociales. El libro destaca la relevancia de esta década en la historia reciente de la UE, ya que abarca el tiempo posterior a la crisis financiera...
Gardado en:
| Autor Principal: | |
|---|---|
| Formato: | Libro |
| Idioma: | English |
| Materias: | |
| Acceso en liña: | texto completo desde el sitio de la revista |
| Etiquetas: |
Engadir etiqueta
Sen Etiquetas, Sexa o primeiro en etiquetar este rexistro!
|
MARC
| LEADER | 00000nam a22000007a 4500 | ||
|---|---|---|---|
| 003 | cru CIDCACS/IIS | ||
| 005 | 20240115162124.0 | ||
| 007 | ta | ||
| 008 | 191101s2018 mx |||p|r||||||0| 0|eng|d | ||
| 040 | |c cru CIDCACS/IIS | ||
| 100 | 1 | |9 7100 |a Anima Puentes, Santiaga | |
| 245 | 1 | |a Unión Europea 2007-2017: |b una década de transición después de la crisis / |c Santiaga Ánima Puentes | |
| 300 | |a páginas 61-68: |b tablas, gráficos | ||
| 520 | |a En el complejo escenario que la Unión Europea (UE) enfrentó durante el período de 2007 a 2017, marcado por una serie de desafíos económicos, políticos y sociales. El libro destaca la relevancia de esta década en la historia reciente de la UE, ya que abarca el tiempo posterior a la crisis financiera global de 2008 y examina cómo la UE gestionó esta situación y se adaptó a los cambios en el escenario mundial. En el ámbito económico, se analiza en profundidad la respuesta de la UE a la crisis financiera, explorando las políticas implementadas para estimular la recuperación económica y abordar las consecuencias a largo plazo. Se examinan las reformas estructurales y las estrategias de coordinación adoptadas para fortalecer la resiliencia económica y promover el desarrollo sostenible. A nivel político, el libro se sumerge en la dinámica interna de la UE, destacando los cambios institucionales que pudieron haber surgido como respuesta a los desafíos planteados. Además, se analizan las políticas de cooperación regional e internacional, incluida la diplomacia europea y las relaciones con otros actores globales. La obra también aborda cuestiones sociales, explorando el impacto de estas transformaciones en los estados miembros y en la vida cotidiana de los ciudadanos europeos. Se examinan las implicaciones sociales de las decisiones políticas y económicas, así como la integración política y la gobernanza en la UE. En resumen, "Unión Europea 2007-2017" ofrece un análisis exhaustivo de una década crucial para la UE, explorando las complejidades de la transición después de la crisis y proporcionando una visión enriquecedora de cómo la UE navegó a través de estos desafíos mientras se esforzaba por construir un futuro más sólido y sostenible. RAR 01/2024 | ||
| 650 | 0 | |a CRISIS FINANCIERA |2 OCDE |9 5785 | |
| 650 | 0 | |a RECUPERACIÓN ECONÓMICA |2 OCDE |9 2918 | |
| 650 | 4 | |a POLITICA ECONOMICA |2 OCDE |9 2655 | |
| 650 | 0 | |a INTEGRACION REGIONAL |2 OCDE |9 381 | |
| 650 | 0 | |a GOBERNANCIA |2 OCDE |9 7946 | |
| 650 | 0 | |a DESARROLLO SOSTENIBLE |2 OCDE |9 2049 | |
| 650 | 4 | |a COOPERACION INTERNACIONAL |2 OCDE |9 2645 | |
| 650 | 0 | |a DESARROLLO ECONOMICO |2 OCDE |9 2142 | |
| 650 | 4 | |a DIPLOMACIA |2 UNESCO |9 1848 | |
| 650 | 0 | |a COOPERACION REGIONAL |2 UNESCO |9 2850 | |
| 651 | 0 | |a EUROPA |2 OCDE |9 19 | |
| 773 | 0 | |0 19200 |9 2915 |a Universidad Nacional Autónoma de México. |d México: UNAM |o 17054 |t Economía Informa / | |
| 856 | |u http://www.economia.unam.mx/assets/pdfs/econinfo/409/04Anima.pdf |y texto completo desde el sitio de la revista | ||
| 942 | |2 ddc |c PP | ||
| 999 | |c 42568 |d 42568 | ||
